| 000 | 00740nam a2200241 a 4500 | ||
|---|---|---|---|
| 001 | BRCA_3861 | ||
| 005 | 20190320204443.0 | ||
| 008 | 171209s1947----nyua######---#000-0#eng-# | ||
| 041 | _aeng | ||
| 044 | _anyu | ||
| 050 | 4 |
_aF1215 _b.M36 1947 |
|
| 100 | 1 |
_aMcNally, E. _910051 |
|
| 245 | 1 | 0 |
_aThis is Mexico _cE. Evalyn Grumbine McNally and Andrew McNally ; maps by Valdemar Paulsen ; photographs by the authors. |
| 260 |
_aNew York _bDodd, Mead _c1947 |
||
| 300 |
_a216 p. _bil. , 2 mapas _c26 cm. |
||
| 500 | _aC20 | ||
| 651 | 4 |
_aMéxico _vDescripción y viajes _910052 |
|
| 651 | 4 |
_aMéxico _vMapas _94774 |
|
| 700 | 1 |
_aGrumbine, Evallyne, coaut _910053 |
|
| 700 | 1 |
_aPaulsen, Valdemar coaut. _910054 |
|
| 902 | _aGFM | ||
| 942 |
_2lcc _cB |
||
| 999 |
_c3589 _d3589 |
||